| 000 | 00615nam a22002537a 4500 | ||
|---|---|---|---|
| 005 | 20251212111958.0 | ||
| 008 | 180827b2017 xxu||||| |||| 00| 0 spa d | ||
| 020 | _a9788416560073 | ||
| 041 | _aESP | ||
| 082 | _aCR 861.44 C487m | ||
| 100 |
_aChase Brenes, Alfonso _921913 |
||
| 245 | _aMúsica solar | ||
| 260 | _aEspaña | ||
| 260 | _bValparaíso | ||
| 260 | _c2017 | ||
| 300 | _a107 páginas | ||
| 490 | _aTemática General | ||
| 650 | _aPOESÍA COSTARRICENSE | ||
| 650 | _aLITERATURA COSTARRICENSE | ||
| 650 | _aANTOLOGÍA POÉTICA | ||
| 650 | _aAMOR | ||
| 650 | _aHUMOR | ||
| 942 |
_cLIT _2ddc |
||
| 999 |
_c11053 _d11053 |
||